书目信息 |
| 题名: |
钢结构试题库
|
|
| 作者: | 李有香 主编 | |
| 分册: | ||
| 出版信息: | 北京 中国水利水电出版社 2014 |
|
| 页数: | 147页 | |
| 开本: | 26cm | |
| 丛书名: | ||
| 单 册: | ||
| 中图分类: | TU391-44 | |
| 科图分类: | ||
| 主题词: | 钢结构--高等职业教育--题库 , 钢结构 | |
| 电子资源: | ||
| ISBN: | 978-7-5170-2024-0 | |
| 000 | 00789nam0 2200241 450 | |
| 001 | 141071 | |
| 005 | 20141106102058.84 | |
| 010 | @a978-7-5170-2024-0@dCNY 25.00 | |
| 100 | @a20140829d2014 em y0chiy50 ea | |
| 101 | 0 | @achi |
| 102 | @aCN@b110000 | |
| 105 | @ay q 000yy | |
| 200 | 1 | @a钢结构试题库@9gang jie gou shi ti ku@b专著@f李有香主编 |
| 210 | @a北京@c中国水利水电出版社@d2014 | |
| 215 | @a147页@d26cm | |
| 300 | @a高职高专土建类建筑工程技术专业课程试题库 | |
| 330 | @a本书共包括六章内容,分别是:绪论,材料,钢结构的连接,轴心受力构件,钢梁,拉弯和压弯构件。并在书后附试题答案。 | |
| 606 | 0 | @a钢结构@x高等职业教育@j题库 |
| 606 | 0 | @a钢结构 |
| 690 | @aTU391-44@v5 | |
| 701 | 0 | @a李有香@9li you xiang@4主编 |
| 801 | 0 | @aCN@bZL@c20141106 |
| 905 | @a241430@dTU391-44@eL320 | |
| 钢结构试题库/李有香主编.-北京:中国水利水电出版社,2014 |
| 147页;26cm |
| 高职高专土建类建筑工程技术专业课程试题库 |
| ISBN 978-7-5170-2024-0:CNY 25.00 |
| 本书共包括六章内容,分别是:绪论,材料,钢结构的连接,轴心受力构件,钢梁,拉弯和压弯构件。并在书后附试题答案。 |
| ● |
| 相关链接 |
|
|
|
正题名:钢结构试题库
索取号:TU391-44/L320
 
预约/预借
| 序号 | 登录号 | 条形码 | 馆藏地/架位号 | 状态 | 备注 |
| 1 | 0836829 | 208368292 | 建筑库101/101建筑库 90排2列4层/ [索取号:TU391-44/L320] | 在馆 | |
| 2 | 0836830 | 208368309 | 建筑库101/101建筑库 90排2列4层/ [索取号:TU391-44/L320] | 在馆 | |
| 3 | 0836831 | 208368318 | 建筑库101/101建筑库 90排2列4层/ [索取号:TU391-44/L320] | 在馆 |